Points of Entanglement in French Caribbean Travel Writing (1620-1722).

Bibliographic Details
Main Author: Kullberg, Christina.
Format: eBook
Language:English
Published: Cham : Springer International Publishing AG, 2023.
Edition:1st ed.
Series:Early Modern Cultural Studies 1500-1700 Series
Subjects:
Online Access:Click to View
LEADER 02619nam a22004093i 4500
001 EBC30670620
003 MiAaPQ
005 20231204023231.0
006 m o d |
007 cr cnu||||||||
008 231204s2023 xx o ||||0 eng d
020 |a 9783031233562  |q (electronic bk.) 
020 |z 9783031233555 
035 |a (MiAaPQ)EBC30670620 
035 |a (Au-PeEL)EBL30670620 
035 |a (OCoLC)1396699398 
040 |a MiAaPQ  |b eng  |e rda  |e pn  |c MiAaPQ  |d MiAaPQ 
050 4 |a PN715-749 
082 0 |a 840.9004 
100 1 |a Kullberg, Christina. 
245 1 0 |a Points of Entanglement in French Caribbean Travel Writing (1620-1722). 
250 |a 1st ed. 
264 1 |a Cham :  |b Springer International Publishing AG,  |c 2023. 
264 4 |c ©2023. 
300 |a 1 online resource (255 pages) 
336 |a text  |b txt  |2 rdacontent 
337 |a computer  |b c  |2 rdamedia 
338 |a online resource  |b cr  |2 rdacarrier 
490 1 |a Early Modern Cultural Studies 1500-1700 Series 
505 0 |a Intro -- Note on Translations -- Acknowledgments -- Contents -- List of Figures -- Chapter 1: Introduction: Tracing Entanglements in the Seventeenth Century Caribbean -- Reading Through the Work of Silencing -- French New World Baroque -- A Brief History of a Successful Colonization -- The Early French Caribbean Corpus -- References -- Chapter 2: Navigating Archipelagos -- Representing and Thinking with Islands -- Naming Islands -- Mapping Islands -- Touring the Archipelago -- References -- Dictionaries -- Chapter 3: Constructing the Self Between Worlds -- Self as Mediator -- Experimental Self -- Commenting on Slavery -- Indigeneity and Style -- References -- Dictionaries -- Chapter 4: Other Tongues -- Plurilingual Caribbean -- Language Encounters -- Staging Speech -- Scenes of Exchanges -- References -- Chapter 5: Conclusion… or Alternative Beginnings -- References -- Author Index -- Place Index. 
588 |a Description based on publisher supplied metadata and other sources. 
590 |a Electronic reproduction. Ann Arbor, Michigan : ProQuest Ebook Central, 2023. Available via World Wide Web. Access may be limited to ProQuest Ebook Central affiliated libraries.  
655 4 |a Electronic books. 
776 0 8 |i Print version:  |a Kullberg, Christina  |t Points of Entanglement in French Caribbean Travel Writing (1620-1722)  |d Cham : Springer International Publishing AG,c2023  |z 9783031233555 
797 2 |a ProQuest (Firm) 
830 0 |a Early Modern Cultural Studies 1500-1700 Series 
856 4 0 |u https://ebookcentral.proquest.com/lib/matrademy/detail.action?docID=30670620  |z Click to View